00325nam a2200121 a 4500008004100000050001400041100001800055245004000073246005300113260000900166350000900175700001900184120416s1985 xx |||||||||||||| || u aS 595 Soi aFrenkel, Haim10aSoil salinitycedited by H. Frenkel atwo decades of research in irrigated agriculture c1985 a0.00 aMeiri, Auraham